[Event "SVK-ch U14 Girls"]
[Site "Stara Lubovna"]
[Date "2021.07.02"]
[Round "8"]
[White "Kapicakova, Lucia"]
[Black "Halcinova, Blazena"]
[Result "1-0"]
[WhiteElo "1711"]
[BlackElo "1000"]
[PlyCount "47"]
[EventDate "2021.06.26"]
[EventType "swiss"]
[EventRounds "9"]
[EventCountry "SVK"]
[SourceTitle "CBM 203 Extra"]
[Source "ChessBase"]
[SourceDate "2021.09.30"]
[SourceVersion "1"]
[SourceVersionDate "2021.09.30"]
[SourceQuality "1"]

1. e4 e5 2. Nf3 Nc6 3. Bc4 Bc5 4. c3 Nf6 5. d3 d6 6. Nbd2 0-0 7. 0-0 d5 8. exd5 Nxd5 9. Re1 f6 10. Qb3 Nce7 11. Ne4 b6 12. a3 Bg4 13. d4 Bxf3 14. dxc5 Bxe4 15. Rxe4 bxc5 16. Be3 Qd6 17. Qb5 Qb6 18. Qxc5 Qxb2 19. Bxd5+ Nxd5 20. Qxd5+ Kh8 21. Rd1 Rab8 22. Rc4 Rfd8 23. Qxd8+ Rxd8 24. Rxd8# 1-0

[Event "SVK-ch U14 Girls"]
[Site "Stara Lubovna"]
[Date "2021.07.01"]
[Round "7"]
[White "Kapicakova, Lucia"]
[Black "Kapolkova, Greta"]
[Result "1/2-1/2"]
[WhiteElo "1711"]
[BlackElo "1472"]
[PlyCount "126"]
[EventDate "2021.06.26"]
[EventType "swiss"]
[EventRounds "9"]
[EventCountry "SVK"]
[SourceTitle "CBM 203 Extra"]
[Source "ChessBase"]
[SourceDate "2021.09.30"]
[SourceVersion "1"]
[SourceVersionDate "2021.09.30"]
[SourceQuality "1"]

1. e4 c5 2. Nf3 Nc6 3. Bb5 g6 4. Bxc6 bxc6 5. Nc3 Bg7 6. d3 d5 7. exd5 cxd5 8. Bf4 e6 9. 0-0 Ba6 10. Re1 Ne7 11. Qd2 0-0 12. Re2 Qd7 13. Rae1 Rfd8 14. Ne5 Qb7 15. Bh6 Nc6 16. Bxg7 Kxg7 17. Ng4 Qe7 18. Qh6+ Kg8 19. Re3 Nd4 20. Rh3 f6 21. Qh4 Nf5 22. Qxh7+ Qxh7 23. Nxf6+ Kg7 24. Nxh7 Nd4 25. Ng5 Bc8 26. Na4 Nxc2 27. Rc1 Nd4 28. Rxc5 Ne2+ 29. Kf1 Nf4 30. Rc7+ Kf6 31. Rf7+ Kxg5 32. Rg3+ Kh6 33. Rxf4 e5 34. Rf6 Bf5 35. Rf3 Kg7 36. Rc6 e4 37. dxe4 dxe4 38. Re3 Rd1+ 39. Re1 Rd2 40. Rc7+ Kh6 41. h3 g5 42. Rec1 Bg6 43. g4 Rf8 44. f3 Rxf3+ 45. Ke1 Rff2 46. Nc3 Rh2 47. Nd1 e3 48. Nxe3 Rde2+ 49. Kf1 Rxe3 50. Rxa7 Ree2 51. Ra6 Rxb2 52. Kg1 Rhd2 53. a4 Kg7 54. Ra7+ Bf7 55. a5 Kf8 56. Ra8+ Kg7 57. Ra7 Kg6 58. Rc6+ Kg7 59. Rc1 Rb3 60. Rf1 Rg3+ 61. Kh1 Rxh3+ 62. Kg1 Rg3+ 63. Kh1 Rh3+ 1/2-1/2

[Event "SVK-ch U14 Girls"]
[Site "Stara Lubovna"]
[Date "2021.06.30"]
[Round "6"]
[White "Kovarikova, Maria"]
[Black "Kapicakova, Lucia"]
[Result "1-0"]
[WhiteElo "1840"]
[BlackElo "1711"]
[PlyCount "129"]
[EventDate "2021.06.26"]
[EventType "swiss"]
[EventRounds "9"]
[EventCountry "SVK"]
[SourceTitle "CBM 203 Extra"]
[Source "ChessBase"]
[SourceDate "2021.09.30"]
[SourceVersion "1"]
[SourceVersionDate "2021.09.30"]
[SourceQuality "1"]

1. e4 e5 2. Nf3 Nc6 3. Bc4 Bc5 4. c3 Nf6 5. d3 d6 6. 0-0 a6 7. a4 Ba7 8. Be3 0-0 9. h3 h6 10. Nbd2 Be6 11. Qc2 Re8 12. b4 Bxc4 13. Nxc4 d5 14. exd5 Qxd5 15. b5 e4 16. Nfd2 exd3 17. Qb1 Ne5 18. Nxe5 Rxe5 19. c4 Qd8 20. Nf3 Re7 21. Bxa7 Rxa7 22. Rd1 Rd7 23. Ne5 Rd4 24. Rxd3 Rxd3 25. Qxd3 Qxd3 26. Nxd3 axb5 27. cxb5 Nd5 28. Ra3 b6 29. Kf1 f6 30. Nb2 Kf7 31. Ke2 Ke6 32. g3 Kd6 33. Rd3 Kc5 34. Kf3 c6 35. Rb3 Nb4 36. Rc3+ Kd5 37. bxc6 Nxc6 38. Kf4 Nd4 39. Rc8 Re7 40. Rd8+ Kc5 41. Rc8+ Kd5 42. g4 Re2 43. Nd1 Re4+ 44. Kg3 Re1 45. Ne3+ Ke6 46. Kg2 Ra1 47. Rc4 Nb3 48. Rc6+ Ke5 49. Rxb6 Nd4 50. a5 Ke4 51. a6 Ne2 52. Re6+ Kd3 53. Kh2 Nd4 54. Rd6 Ke4 55. Rxd4+ Kf3 56. Rd2 Rxa6 57. Nf5 Ra7 58. Nh4+ Ke4 59. Kg2 Ra3 60. Re2+ Kf4 61. f3 Kg5 62. Kg3 h5 63. Rd2 hxg4 64. hxg4 Ra1 65. Rd5+ 1-0

[Event "Liptovsky Jan Slovak op U2200"]
[Site "Liptovsky Jan"]
[Date "2021.06.18"]
[Round "2"]
[White "Kapicakova, Lucia"]
[Black "Hlavac, Tomas"]
[Result "1-0"]
[WhiteElo "1711"]
[BlackElo "1414"]
[PlyCount "67"]
[EventDate "2021.06.17"]
[EventType "swiss"]
[EventRounds "7"]
[EventCountry "SVK"]
[SourceTitle "CBM 203 Extra"]
[Source "ChessBase"]
[SourceDate "2021.09.30"]
[SourceVersion "1"]
[SourceVersionDate "2021.09.30"]
[SourceQuality "1"]

1. e4 e6 2. d3 d5 3. Nd2 d4 4. Ngf3 Nc6 5. g3 e5 6. Bg2 f6 7. 0-0 Be6 8. Nc4 Qd7 9. Ne1 0-0-0 10. f4 g6 11. Nf3 Bg7 12. a3 h5 13. fxe5 fxe5 14. Bg5 Re8 15. b4 b5 16. Ncd2 Bh6 17. Qb1 Bxg5 18. Nxg5 Bg4 19. h3 Qe7 20. Nf7 Rh7 21. hxg4 Rxf7 22. Rxf7 Qxf7 23. gxh5 Rf8 24. Qe1 gxh5 25. Bh3+ Kb7 26. Nb3 Nh6 27. Nc5+ Ka8 28. a4 Ng4 29. Bxg4 hxg4 30. axb5 Rh8 31. bxc6 Qf3 32. Rxa7+ Kxa7 33. Qa1+ Kb8 34. Nd7+ 1-0

[Event "Liptovsky Jan Slovak op U2200"]
[Site "Liptovsky Jan"]
[Date "2021.06.18"]
[Round "3"]
[White "Sotnik, Simon"]
[Black "Kapicakova, Lucia"]
[Result "0-1"]
[WhiteElo "1000"]
[BlackElo "1711"]
[PlyCount "76"]
[EventDate "2021.06.17"]
[EventType "swiss"]
[EventRounds "7"]
[EventCountry "SVK"]
[SourceTitle "CBM 203 Extra"]
[Source "ChessBase"]
[SourceDate "2021.09.30"]
[SourceVersion "1"]
[SourceVersionDate "2021.09.30"]
[SourceQuality "1"]

1. e4 c6 2. d4 d5 3. e5 c5 4. dxc5 e6 5. Nf3 Bxc5 6. Bf4 Qb6 7. Qd2 Qxb2 8. Be3 Bxe3 9. Qxe3 Qxa1 10. Bb5+ Bd7 11. Bxd7+ Nxd7 12. 0-0 Qxa2 13. Qb3 Qxb3 14. cxb3 Ne7 15. Nc3 a6 16. b4 Nc6 17. b5 Ncxe5 18. Nxe5 Nxe5 19. Re1 Nd3 20. Re3 d4 21. Rxd3 dxc3 22. Rxc3 axb5 23. h3 b4 24. Rb3 Ra4 25. Rb1 Ke7 26. Rc1 b3 27. Rc7+ Kf6 28. Rxb7 Ra1+ 29. Kh2 Rb1 30. g4 b2 31. h4 Rc8 32. g5+ Kg6 33. Kg3 Rc2 34. Kg4 Rg1+ 35. Kf4 b1Q 36. Rxb1 Rxb1 37. Kg3 Kf5 38. f4 Rb3# 0-1

[Event "EU-ch Amateur Online 1700/2000"]
[Site "Tornelo INT"]
[Date "2021.04.24"]
[Round "4"]
[White "Ter Gevorkian, Aram"]
[Black "Kapicakova, Lucia"]
[Result "1-0"]
[WhiteElo "1925"]
[BlackElo "1711"]
[PlyCount "125"]
[EventDate "2021.04.24"]
[EventType "swiss (rapid)"]
[EventRounds "8"]
[EventCountry "NET"]
[SourceTitle "EXT 2023"]
[Source "ChessBase"]
[SourceDate "2022.10.05"]
[SourceVersion "1"]
[SourceVersionDate "2022.10.05"]
[SourceQuality "1"]

1. e4 c6 2. d4 d5 3. exd5 cxd5 4. c4 Nf6 5. Nc3 g6 6. Qb3 Bg7 7. cxd5 Nbd7 8. Be2 Nb6 9. Bf3 0-0 10. Nge2 Bg4 11. Bxg4 Nxg4 12. Ng1 Bxd4 13. Nh3 Bxc3+ 14. Qxc3 Nxd5 15. Qg3 h5 16. 0-0 Qc7 17. Nf4 Nxf4 18. Bxf4 e5 19. Bg5 f6 20. Bd2 Qg7 21. h3 Nh6 22. Bxh6 Qxh6 23. Qb3+ Rf7 24. Rac1 Qf8 25. Rc7 b6 26. Rfc1 Kg7 27. Kh2 Re8 28. Qd5 Rxc7 29. Rxc7+ Re7 30. Rc6 Qf7 31. Qd8 Qe8 32. Qd6 Rf7 33. b4 Qe7 34. Qd2 e4 35. b5 Qe5+ 36. g3 Qxb5 37. Rc8 Rf8 38. Rc7+ Rf7 39. Rc8 g5 40. Qd8 Kg6 41. Qg8+ Rg7 42. Qe6 Qe5 43. Qc4 Qf5 44. Qd4 Qf3 45. Re8 Qf5 46. Rxe4 Rd7 47. Qe3 Qd5 48. Re6 Qc5 49. Qf3 Qf5 50. Qe2 Rf7 51. Re8 g4 52. h4 Rg7 53. Rf8 Qf3 54. Qe8+ Kh6 55. Rh8+ Rh7 56. Qf8+ Kg6 57. Rg8+ Kf5 58. Qc8+ Ke4 59. Re8+ Kd3 60. Rd8+ Ke2 61. Qe6+ Kxf2 62. Rd2+ Kf1 63. Qc4+ 1-0